000 00318nam a22001217a 4500
040 _c307
082 _a307 MAR 2000 C087
100 _aMARK W. ROSEGRANT
245 _aTransforming the rural asian economic: the unfinished revolution
260 _aPhnom Penh
_bMAR
_c2000
300 _a512p.
_bill.
_c29cm.
942 _cEK
999 _c11094
_d11094